ナユタン星人楽曲名/NayutalieN Song Name - Statistics

General Stats
  • This quiz has been taken 19 times
    4 since last reset
  • The average score is 18 of 127
Answer Stats
アルバム名など 楽曲名 ボーカル 書き下ろし先 備考 % Correct
ナユタン星への快爽列車ドンツーミュージック2 ナユタン星からの物体Z 金星のダンス 初音ミク Sou
100%
ナユタン星からの物体N 木星のビート 初音ミク
100%
ナユタン星からの物体X アンドロメダアンドロメダ 初音ミク
75%
ナユタン星からの物体X ロケットサイダー 初音ミク
75%
ナユタン星からの物体X パーフェクト生命 初音ミク
75%
百鬼夜行ナユタン星からの物体Y エイリアンエイリアン 初音ミク
75%
ナユタン星からの物体X ストラトステラ 初音ミク
75%
ドンツーミュージックナユタン星からの物体Y 太陽系デスコ 初音ミク
75%
ナユタン星からの物体Y ダンスロボットダンス 初音ミク #コンパス
75%
ナユタン星からの物体Z 彗星ハネムーン 初音ミク
75%
蒼ナユタン星からの物体Z 明星ギャラクティカ 初音ミク Eve×Sou
75%
ドンツーミュージック4ナユタン星からの物体N 猫猫的宇宙論 初音ミク
75%
チューリングラブ ナナヲアカリ feat.Sou 理系が恋に落ちたので証明してみた。 ナユタセイジ 名義アニメ「理系が恋に落ちたので証明してみた。」EDテーマ
75%
ナユタン星からの物体X ハウトゥワープ 初音ミク
50%
ナユタン星からの物体X 飛行少女 初音ミク
50%
ナユタン星からの物体X 水星のワルツ 初音ミク アルバム限定曲
50%
OFFICIAL NUMBERナユタン星からの物体Y 惑星ループ 初音ミク Eve
50%
ナユタン星からの物体N カノープス 初音ミク
50%
ナユタン星からの物体V モア!ジャンプ!モア! 初音ミク プロジェクトセカイMORE MORE JUMP!× 初音ミク
50%
キメラナユタン星からの物体V(ナユタン星ver) ニュートンダンス 初音ミクFloweR ボカロP・Chinozoとの合作
50%
ナユタン星からの物体V エスパーエスパー 初音ミク ポケモン feat. 初音ミク Project VOLTAGE
50%
ナユタン星からの物体V オペラ!スペースオペラ! 初音ミク鏡音リン プロジェクトセカイワンダーランズ×ショウタイム × 鏡音レン
50%
ナユタン星からの物体X(remake) エクストリーム空中戦 初音ミク アルバム限定曲
25%
ネクラロイドのつくりかたナユタン星からの物体Y ディスコミュ星人 初音ミク ナナヲアカリ アルバム限定曲(初音ミクver.)
25%
ナユタン星からの物体Y 火星のララバイ 初音ミク アルバム限定曲
25%
ボカロで覚える中学数学ナユタン星からの物体Z パラレリズム恋心 初音ミク
25%
Re:Startナユタン星からの物体Z リバースユニバース 初音ミク
25%
モノカラーガールスーパーノヴァナユタン星からの物体Z ハイカラーガールスーパーノヴァ 初音ミク アルバム限定曲
25%
ドンツーミュージック3ナユタン星からの物体N サイファイエクスタシー 初音ミク
25%
クライベイビー ハズ ポップコーンナユタン星からの物体N 銀河電燈 初音ミク 000
25%
ナユタン星からの物体V 水色侵略 初音ミク 初音ミク GALAXY LIVE 2020 「初音ミク GALAXY LIVE 2020」テーマソング
25%
ダダダダ天使 ナナヲアカリ ナナヲアカリ
25%
ワンルームシュガーライフ ナナヲアカリ ハッピーシュガーライフ ナユタセイジ 名義アニメ「ハッピーシュガーライフ」OPテーマ
25%
スキスキ星人 すとぷり すとぷり
25%
ナユタン星からの物体Z(初回限定版) halo ナユタン星人
25%
ナユタン星からの物体X ライブラ 初音ミク アルバム限定曲
0%
ナユタン星からの物体X(remake)ボカロで覚える中学理科 アトミック恋心 初音ミク
0%
Vocalocreation feat.初音ミクナユタン星からの物体Y エキシビション空中戦 初音ミク アルバム限定曲
0%
13月のメリーナユタン星からの物体Y エアリーフォール 初音ミク めありー アルバム限定曲
0%
ぺろりすと。ナユタン星からの物体Y ミステリーサイクル 初音ミク あう アルバム限定曲
0%
Stand by Me! ナユタン星からの物体Y 月光ミュージック 初音ミク しゃけみースタンガン アルバム限定曲
0%
ナユタン星からの物体Y パオパオチャンネル 初音ミク パオパオチャンネル
0%
ナユタン星からの物体Y レグルス 初音ミク アルバム限定曲
0%
VOCALOID 夢眠ネムナユタン星からの物体Z ドリームドリーム夢ドリーム 初音ミク 夢眠ネム アルバム限定曲(初音ミクver.)
0%
学校じゃ教えてくれない ゆるべんノオトナユタン星からの物体Z(初回限定版) ピーポーマイフレンド 初音ミク un:c アルバム限定曲(初音ミクver.)
0%
ナユタン星への快爽列車ナユタン星からの物体Z 星の王子サマ 初音ミク Sou アルバム限定曲
0%
文化ナユタン星からの物体Z ルミナ 初音ミク Eve アルバム限定曲
0%
メダ子、ミーツ、宇宙ガールナユタン星からの物体Z(初回限定版) ナユタン星からの物体N 藍と極星 初音ミクナユタン星人 000 feat.yurin アルバム限定曲
0%
ナユタン星からの物体Z ユーフォーユーフォー 初音ミク アルバム限定曲
0%
ナユタン星からの物体Z エンドレス空中戦 初音ミク アルバム限定曲
0%
ナユタン星からの物体Z サークレット 初音ミク アルバム限定曲
0%
ナユタン星からの物体Z 恋スル侵略計画 初音ミク メダ子さんの恋スル侵略計画 アルバム限定曲
0%
ナユタン星からの物体Z(初回限定版) 突発☆ギャラクティック恋 初音ミク メダ子さんの恋スル侵略計画 アルバム限定曲
0%
ボカロで覚える高校世界史ナユタン星からの物体N ヒストリック恋心 初音ミク アルバム限定曲
0%
ナユタン星からの物体N メテオ 初音ミク 妖怪ウォッチピンク・レディー 映画「妖怪学園Y」テーマソングアルバム限定曲(初音ミクver.)
0%
すとろべりーねくすとっ!ナユタン星からの物体N 溶解ウォッチ 初音ミク 妖怪ウォッチ莉犬×るぅと ゲーム「妖怪ウォッチ4++」テーマソングアルバム限定曲(初音ミクver.)
0%
すとろべりーねくすとっ!ナユタン星からの物体N ギンギラ銀河 初音ミク 妖怪ウォッチすとぷり アニメ「妖怪学園Y ~Nとの遭遇~」OPテーマアルバム限定曲(初音ミクver.)
0%
ナユタン星からの物体N ポロロッカハート 初音ミク アルバム限定曲
0%
ナユタン星からの物体N 乙女座流星群 初音ミク アルバム限定曲
0%
大宇宙ランデブー 初音ミク 妖怪ウォッチ すとぷり アニメ「妖怪学園Y ~Nとの遭遇~」OPテーマ
0%
ナユタン星からの物体V(初音ミクver) ひみつのユーフォー 可不
0%
ナユタン星からの物体V カワユイ星 初音ミク アルバム限定曲
0%
ナユタン星からの物体V 倶楽部カシオペア 初音ミク
0%
ナユタン星からの物体V エクスマキナ空中戦 初音ミク アルバム限定曲
0%
ナユタン星からの物体V カプリコーン 初音ミク アルバム限定曲
0%
ナユタン星からの物体V 土星のポルカ 初音ミク
0%
ナユタン星からの物体V オカ研 初音ミク
0%
ドデカ星人 初音ミク ドデカミン
0%
「ゆゆ式」OVA キャラクターソングアルバム 油断したらだめですよ! 野々原ゆずこ (CV.大久保瑠美) ゆゆ式
0%
光線チューニング 000 CHUNITHM STAR
0%
メルヘル小惑星 ナナヲアカリ ナナヲアカリ
0%
ハロウ!ゴーストシップ 浦島坂田船 浦島坂田船
0%
夢見るたまごの育て方 セーブフロムインベーダー そらる そらる
0%
メダ子、ミーツ、宇宙ガール ぐるぐる宇宙ガール 000 000 ボカロP・石風呂との合作
0%
インスタントヘヴン ナナヲアカリ feat.Eve ナナヲアカリ
0%
ホシクラミ 名前は、まだない。 名前は、まだない。
0%
ウタカタデンパシー 恋神ウルリラ(CV.竹達彩奈) エンゲージプリンセス
0%
ミライトミライ ミライアカリ ミライアカリ
0%
サンズリバーリバイブ 島爺 島爺
0%
ルキロキ☆ラッキー 流石乃ルキ/ロキ 流石乃ルキ/ロキ
0%
シアワセシンドローム ナナヲアカリ ナナヲアカリ
0%
エールアンドエール 富士葵 富士葵
0%
ナユタン星からの物体N 超常マイマイン 000 maimai でらっくす
0%
ダメレオンハート ナナヲアカリ ナナヲアカリ
0%
すとろべりーねくすとっ! ストロベリー☆プラネット! すとぷり すとぷり
0%
学園スペーシー P丸様。 妖怪ウォッチ ゲーム「妖怪学園Y ~ワイワイ学園生活~」テーマソング
0%
いにしえロマンティック P丸様。 妖怪ウォッチ アニメ「妖怪学園Y ~Nとの遭遇~」OPテーマ
0%
コスモポップファンクラブ 000 & ナナヲアカリ CHUNITHM NEW
0%
ニンジャライクニンジャ ウォルピスカーター ニンジャラ アニメ「ニンジャラ」EDテーマ
0%
ベイビーあいへいちゅー ナナヲアカリ ナナヲアカリ
0%
恋愛脳 ナナヲアカリ Engage Kiss ナユタセイジ 名義アニメ「Engage Kiss」EDテーマ
0%
ララララビット!! 兎田ぺこら ホロライブ
0%
かわ世 百鬼あやめ ホロライブ
0%
ハクチューアラモード みらくらぱーーく! Link!Like!ラブライブ!
0%
スピカ にんじん ロクデナシ
0%
レツゴー世界攻略!! 前田佳織里 前田佳織里の世界攻略計画 番組「前田佳織里の世界攻略計画」テーマソング
0%
トゥウィンクル空中戦 2wink あんさんぶるスターズ!!
0%
ω猫 AZKi ホロライブ
0%
Futurity Step ハジメノイッポ SorAZ ホロライブ
0%
メルティックヘル ナナヲアカリ feat.超学生 ナナヲアカリ
0%
仮定法のあなたへ 推論的に宇宙人 原因は自分にある。 原因は自分にある。
0%
STAR STAR☆T スタースタースタート ときのそら ホロライブ
0%
白線 葛城リーリヤ 学園アイドルマスター
0%
センス・オブ・ワンダー 衛星紀行 Sou Sou
0%
ブループリント ナナヲアカリ ダンジョンの中の人 ナユタセイジ 名義アニメ「ダンジョンの中のひと」EDテーマ
0%
アルビレオ にんじん ロクデナシ
0%
パイレーツオブ宇宙! 浦島坂田船 浦島坂田船
0%
ドタバタ王子くん クロちゃん ドタバタ王子くん ゲーム「ドタバタ王子くん」テーマソング
0%
ラスト・フレグランス サウザンクロス 天月 天月
0%
天使になりたいっ! みあ,ナナヲアカリ 三月のパンタシア×ナナヲアカリ
0%
ムリムリ進化論 ナナヲアカリ わたしが恋人になれるわけないじゃん、ムリムリ!(※ムリじゃなかった!?) ナユタセイジ 名義アニメ「わたしが恋人になれるわけないじゃん、ムリムリ!(※ムリじゃなかった!?)」OPテーマ
0%
アイ!ラブ!ミュー! フワッフ(CV.白上フブキ) グルーヴコースター
0%
フライングベスト2 ギミギミ聖域 ナナヲアカリ ナナヲアカリ
0%
イオ にんじん ロクデナシ
0%
バケバケ 日曜日のメゾンデ 写らナイんです 漫画「写らナイんです」イメージソング
0%
カロン にんじん ロクデナシ ドラマ「娘の命を奪ったヤツを殺すのは罪ですか?」OPテーマ
0%
爆ラブ+ケミストリー 博衣こより ホロライブ
0%
でぃすこみゅーたんと! CUTIE STREET CUTIE STREET
0%
綺麗。 オーバーチュア ゆう。 ゆう。
0%
No One リロービート ローレン・イロアス にじさんじ
0%
ラブシミュレーション!ABC! 眞白かのん 眞白かのん テレビ「#ガリベンチャーV」EDタイアップ
0%
DOKIDOKIエンジェル伝説 ときめき伝説BOYS ときめき伝説BOYS 天ノ川 銀牙 名義
0%
Higher's High ナナヲアカリ 戦翼のシグルドリーヴァ ナユタセイジ 名義アニメ「戦翼のシグルドリーヴァ」OPテーマ
0%
Lovely Noisy Friendly - ART of MGU
0%
ナユタン星からの物体V NIBIRU ナユタン星人
0%
RUN! RUN! Lineup! めありー PlayStation
0%
WAGAMAMAマーメイド伝説 ときめき伝説BOYS ときめき伝説BOYS 天ノ川 銀牙 名義
0%
No matching quizzes found
Score Distribution
Percent of People with Each Score
Percentile by Number Answered
Your Score History
You have not taken this quiz since the last reset